[Event "47th IT Bosna 2017"]
[Site "Sarajevo"]
[Date "2017.05.19"]
[Round "9.8"]
[White "Aakanksha, Hagawane"]
[Black "Filipovic, Branko"]
[Result "1-0"]
[WhiteElo "2283"]
[BlackElo "2413"]
[PlyCount "111"]
[EventDate "2017.05.13"]

1. e4 c5 2. Nf3 a6 3. c4 Nc6 4. d4 cxd4 5. Nxd4 e5 6. Nf5 d6 7. Ne3 Nf6 8. Nc3
Be6 9. Ned5 Be7 10. Be3 O-O 11. Be2 Bxd5 12. cxd5 Nb8 13. O-O Nbd7 14. Rc1 b5
15. f3 Qb8 16. a3 Bd8 17. Na2 Bb6 18. Bxb6 Qxb6+ 19. Kh1 Rfc8 20. Nb4 Nc5 21.
Nc6 Rc7 22. b4 Na4 23. Qd2 Kh8 24. Bd1 Rac8 25. Bxa4 bxa4 26. Ne7 Re8 27. Rxc7
Qxc7 28. Nc6 Qb6 29. Rc1 h6 30. Na5 Qb5 31. Qc2 Rd8 32. Qc4 Ne8 33. Qxb5 axb5
34. Rc6 Rb8 35. Ra6 Kg8 36. Nc6 Rb7 37. Ra8 Kf8 38. Kg1 g6 39. g4 f5 40. gxf5
gxf5 41. exf5 Rf7 42. Nd8 Rg7+ 43. Kf2 Ke7 44. Ne6 Rf7 45. Rb8 Nf6 46. Rxb5 Nd7
47. Rb7 Rxf5 48. Ke3 Rh5 49. Nc5 dxc5 50. bxc5 Ke8 51. c6 Nf6 52. d6 Rxh2 53.
Rb8+ Kf7 54. d7 Nd5+ 55. Ke4 Nf6+ 56. Kd3 1-0

[Event "47th IT Bosna 2017"]
[Site "Sarajevo"]
[Date "2017.05.19"]
[Round "9.9"]
[White "Jakovljevic, Vlado"]
[Black "Hrescak, Ivana"]
[Result "1-0"]
[WhiteElo "2384"]
[BlackElo "2111"]
[PlyCount "81"]
[EventDate "2017.05.13"]

1. Nf3 Nf6 2. c4 g6 3. g3 Bg7 4. d4 d6 5. Nc3 O-O 6. Bg2 Nbd7 7. O-O e5 8. e4
c6 9. h3 Qb6 10. Re1 exd4 11. Nxd4 Re8 12. Re2 Qb4 13. Rc2 Nc5 14. Bd2 Qb6 15.
Be3 Qc7 16. f3 a5 17. Bf2 Bd7 18. Re2 Rad8 19. Qc2 Ne6 20. Rd1 Nxd4 21. Rxd4
Be6 22. b3 h5 23. Rd1 Nd7 24. Red2 Nc5 25. f4 Bf8 26. Re2 Qc8 27. Kh2 Be7 28.
Qd2 Bf6 29. Bd4 Bxd4 30. Qxd4 b6 31. Qf6 a4 32. Rf2 axb3 33. axb3 Nxb3 34. f5
Bxc4 35. fxg6 Qe6 36. Qh4 Qxg6 37. Rf5 f6 38. Rxf6 Qg7 39. e5 Rxe5 40. Qxc4+ d5
41. Qxc6 1-0

[Event "47th IT Bosna 2017"]
[Site "Sarajevo"]
[Date "2017.05.19"]
[Round "9.10"]
[White "Vajic, Goran"]
[Black "Damljanovic, Branko"]
[Result "1-0"]
[WhiteElo "2295"]
[BlackElo "2543"]
[PlyCount "81"]
[EventDate "2017.05.13"]

1. e4 c5 2. Nc3 e6 3. f4 a6 4. Nf3 d5 5. d3 Nc6 6. g3 Nf6 7. Bg2 Be7 8. O-O d4
9. Ne2 b5 10. a4 Bb7 11. h3 h5 12. axb5 axb5 13. Bd2 Rxa1 14. Qxa1 Qb6 15. Ng5
Nd7 16. h4 c4 17. Kh1 Nc5 18. Qb1 cxd3 19. cxd3 b4 20. b3 Ba6 21. Nc1 Bxg5 22.
hxg5 h4 23. Kh2 e5 24. gxh4 exf4 25. Bxf4 Rxh4+ 26. Kg3 Rxf4 27. Rxf4 Qc7 28.
Ne2 Nxd3 29. Qh1 Qe5 30. Qh8+ Ke7 31. Kg4 Nd8 32. g6 Bc8+ 33. Kf3 Nxf4 34. Nxf4
Bb7 35. Qh4+ f6 36. Nd3 Qb5 37. Nf4 Nc6 38. Qh8 Qg5 39. Qxg7+ Kd6 40. Qf8+ Kd7
41. Bh3+ 1-0

[Event "47th IT Bosna 2017"]
[Site "Sarajevo"]
[Date "2017.05.19"]
[Round "9.11"]
[White "Stojanovic, Dalibor"]
[Black "Zarkovic, Mila"]
[Result "1-0"]
[WhiteElo "2478"]
[BlackElo "2251"]
[PlyCount "45"]
[EventDate "2017.05.13"]

1. e4 c5 2. Nc3 e6 3. f4 d5 4. Nf3 d4 5. Bb5+ Bd7 6. Bxd7+ Qxd7 7. Ne2 d3 8.
cxd3 Qxd3 9. Ne5 Qxe4 10. O-O Bd6 11. d3 Qd5 12. Nc3 Qd4+ 13. Kh1 Nd7 14. Nc4
Bb8 15. Qf3 Ngf6 16. Qxb7 Qxd3 17. Ne3 Nb6 18. Rd1 Qg6 19. Qc6+ Ke7 20. Qxc5+
Ke8 21. Qc6+ Ke7 22. Qb7+ Ke8 23. b3 1-0

[Event "47th IT Bosna 2017"]
[Site "Sarajevo"]
[Date "2017.05.19"]
[Round "9.12"]
[White "Burovic, Rijad"]
[Black "Lajthajm, Borko"]
[Result "1-0"]
[WhiteElo "2290"]
[BlackElo "2428"]
[PlyCount "95"]
[EventDate "2017.05.13"]

1. e4 c5 2. d3 Nc6 3. f4 g6 4. Nf3 Bg7 5. g3 d6 6. Bg2 e6 7. O-O Nge7 8. c3 b6
9. Be3 O-O 10. Na3 Ba6 11. Nc2 f5 12. exf5 gxf5 13. Re1 Qd7 14. d4 Rad8 15. Bf2
h6 16. Qd2 Rfe8 17. Nh4 cxd4 18. Nxd4 Nxd4 19. Bxd4 e5 20. Bf2 Bc4 21. Rad1 e4
22. Bd4 Bxa2 23. Bxg7 Kxg7 24. Qd4+ Kf7 25. g4 Bb3 26. gxf5 Nc6 27. Qd2 d5 28.
Ra1 Qe7 29. Qf2 Rg8 30. Ng6 Qf6 31. Ne5+ Nxe5 32. fxe5 Qe7 33. Kh1 Rg5 34. Bh3
Rf8 35. Qd4 Ke8 36. Rg1 Rxg1+ 37. Rxg1 Qh4 38. Qe3 Bc4 39. Qg3 Qxg3 40. Rxg3
Be2 41. f6 h5 42. Rg7 Bf3+ 43. Kg1 Bg4 44. Bxg4 hxg4 45. Rxa7 Rf7 46. Rxf7 Kxf7
47. Kf2 b5 48. Kg3 1-0

[Event "47th IT Bosna 2017"]
[Site "Sarajevo"]
[Date "2017.05.19"]
[Round "9.13"]
[White "Ozates, Tuna"]
[Black "Marjanovic, Dejan"]
[Result "1/2-1/2"]
[WhiteElo "2286"]
[BlackElo "2412"]
[PlyCount "30"]
[EventDate "2017.05.13"]

1. Nf3 d6 2. g3 g6 3. Bg2 Bg7 4. O-O e5 5. c4 f5 6. Nc3 Nf6 7. d4 e4 8. Ne1 O-O
9. f3 exf3 10. Bxf3 Nc6 11. Nc2 a5 12. Rb1 Bd7 13. b3 Re8 14. a3 Rb8 15. Qd3
Ne7 1/2-1/2

[Event "47th IT Bosna 2017"]
[Site "Sarajevo"]
[Date "2017.05.19"]
[Round "9.14"]
[White "Stankovic, Milos"]
[Black "Eric, Jovana"]
[Result "1-0"]
[WhiteElo "2406"]
[BlackElo "2237"]
[PlyCount "28"]
[EventDate "2017.05.13"]

1. e4 e6 2. d4 d5 3. Nc3 Nf6 4. Bg5 Bb4 5. e5 h6 6. Bh4 g5 7. Bg3 Ne4 8. Nge2
c5 9. a3 Bxc3+ 10. Nxc3 Qa5 11. dxc5 Nc6 12. Qd3 Bd7 13. O-O-O Nxc5 14. Qb5
Qxb5 {N

[Event "47th IT Bosna 2017"]
[Site "Sarajevo"]
[Date "2017.05.19"]
[Round "9.17"]
[White "Bistric, Faruk"]
[Black "Kamberovic, Senad"]
[Result "1-0"]
[WhiteElo "2349"]
[BlackElo "2158"]
[PlyCount "87"]
[EventDate "2017.05.13"]

1. b3 b6 2. Bb2 Bb7 3. d3 d6 4. f4 Nd7 5. e4 e5 6. Nh3 Ngf6 7. Be2 Be7 8. O-O
O-O 9. Nd2 exf4 10. Nxf4 Ne5 11. d4 Ng6 12. Bd3 Nd7 13. Nh5 Bg5 14. Nf3 Bh6 15.
Qe1 Nf4 16. Nxf4 Bxf4 17. Nh4 Bg5 18. Nf5 g6 19. Qg3 Kh8 20. Qh3 f6 21. Nh4 Kg7
22. Nf3 Bh6 23. Rae1 Re8 24. Re2 Nf8 25. d5 Bc8 26. Qh4 Re5 27. Nxe5 dxe5 28.
Bxe5 g5 29. Rxf6 gxh4 30. Rd6+ Qf6 31. Rxf6 Nd7 32. Rxh6+ Nxe5 33. Rxh4 Ng6 34.
Rh5 Nf4 35. Re5 Nxe2+ 36. Bxe2 Kf6 37. Re8 Bb7 38. e5+ Kf7 39. Bh5+ Kg7 40.
Rxa8 Bxa8 41. c4 Bb7 42. Bg4 b5 43. Kf2 bxc4 44. bxc4 1-0

[Event "47th IT Bosna 2017"]
[Site "Sarajevo"]
[Date "2017.05.19"]
[Round "9.18"]
[White "Sarenac, David"]
[Black "Krstonijevic, Stjepan"]
[Result "1/2-1/2"]
[WhiteElo "2346"]
[BlackElo "2155"]
[PlyCount "214"]
[EventDate "2017.05.13"]

1. e4 c5 2. Nf3 e6 3. d4 cxd4 4. Nxd4 Nc6 5. Nc3 Qc7 6. Be3 a6 7. Qf3 Nf6 8.
O-O-O Nxd4 9. Bxd4 e5 10. Qg3 d6 11. Be3 b5 12. Kb1 b4 13. Nd5 Nxd5 14. exd5 f5
15. f4 e4 16. Bd4 Rg8 17. c4 g6 18. Be2 Bg7 19. Bf2 a5 20. Rd2 Ba6 21. Rc1 Rc8
22. Qe3 h5 23. c5 Bxe2 24. Qxe2 Kf7 25. Rdc2 Qb8 26. Qa6 Rgd8 27. c6 Qa8 28.
Qb7+ Kg8 29. Bh4 Re8 30. Qxa8 Rxa8 31. c7 Rec8 32. Rc6 Bf8 33. R1c4 Kf7 34. Kc2
Be7 35. Bf2 Ke8 36. Kb3 Kd7 37. Ka4 Bf6 38. Rc2 g5 39. g3 gxf4 40. gxf4 Rg8 41.
Bb6 h4 42. Bxa5 Bd4 43. Kb5 Bc5 44. Bxb4 Rgb8+ 45. cxb8=Q Rxb8+ 46. Ka6 Rxb4
47. a3 Rb3 48. Rg2 e3 49. Ka5 h3 50. Rg7+ Kd8 51. Ra6 Rb8 52. Rg8+ Ke7 53. Rxb8
e2 54. Rb7+ Kf6 55. b4 e1=Q 56. Rc6 Qd2 57. Rcc7 Qc3 58. Ka4 Qc2+ 59. Kb5 Qb3
60. Kc6 Qxa3 61. Rf7+ Kg6 62. Rg7+ Kh6 63. Rh7+ Kg6 64. Rbg7+ Kf6 65. Rf7+ Kg6
66. Rhg7+ Kh6 67. bxc5 Qxc5+ 68. Kd7 Qxd5 69. Rh7+ Kg6 70. Rfg7+ Kf6 71. Rf7+
Kg6 72. Rhg7+ Kh6 73. Ke7 Qe4+ 74. Kf6 Qd4+ 75. Kxf5 Qd5+ 76. Kf6 Qd4+ 77. Kf5
Qd5+ 78. Kg4 Qg2+ 79. Kh4 Qf2+ 80. Kxh3 Qf3+ 81. Kh4 Qf2+ 82. Kg4 Qg2+ 83. Kf5
Qd5+ 84. Kf6 Qd4+ 85. Ke6 Qe4+ 86. Kd7 Qb7+ 87. Kxd6 Qb6+ 88. Kd5 Qb5+ 89. Kd4
Qb4+ 90. Kd3 Qb3+ 91. Ke2 Qc2+ 92. Kf3 Qd3+ 93. Kf2 Qd2+ 94. Kg3 Qe3+ 95. Kg2
Qe2+ 96. Kh3 Qf3+ 97. Kh4 Qf2+ 98. Rg3 Qxh2+ 99. Rh3 Qf2+ 100. Kg4+ Kg6 101.
Re7 Qg1+ 102. Rg3 Qd1+ 103. Kh4+ Kf6 104. Ree3 Kf5 105. Ref3 Qh1+ 106. Rh3 Qe1+
107. Rhg3 Qh1+ 1/2-1/2

[Event "47th IT Bosna 2017"]
[Site "Sarajevo"]
[Date "2017.05.19"]
[Round "9.19"]
[White "Buzeti, Jernej"]
[Black "Arapovic, Vitomir"]
[Result "0-1"]
[WhiteElo "2196"]
[BlackElo "2330"]
[PlyCount "110"]
[EventDate "2017.05.13"]

1. e4 g6 2. d4 Bg7 3. Nc3 d6 4. Be3 Nd7 5. Qd2 c6 6. Nf3 Ngf6 7. h3 O-O 8. Bd3
e5 9. dxe5 dxe5 10. O-O Qc7 11. Ne2 Re8 12. Ng3 Nf8 13. Qc3 b6 14. a4 a5 15.
Rfe1 N6d7 16. Bc4 Ne6 17. Ng5 Nxg5 18. Bxg5 Nc5 19. Qe3 Be6 20. Bf1 f6 21. Bh6
Rad8 22. Bxg7 Kxg7 23. b3 Rd7 24. Rad1 Red8 25. Rxd7+ Qxd7 26. Be2 Qd2 27. Rc1
Qxe3 28. fxe3 h5 29. h4 Kf8 30. Kf1 g5 31. Nxh5 gxh4 32. Nxf6 Kf7 33. Ng4 Bxg4
34. Bxg4 Nxe4 35. Ke1 Ng3 36. Rd1 Rxd1+ 37. Kxd1 Ke7 38. Bc8 Kd6 39. Kd2 Kc5
40. c3 b5 41. Kd3 bxa4 42. bxa4 e4+ 43. Kd2 Nh5 44. Be6 Nf6 45. Bf5 Kd5 46. Bg6
Ke5 47. Ke2 Nd5 48. Kd2 Nb6 49. Be8 Nxa4 50. Bxc6 Nc5 51. Be8 a4 52. Kc2 a3 53.
Bb5 Nd3 54. Kb3 Ne1 55. Bf1 a2 0-1

[Event "47th IT Bosna 2017"]
[Site "Sarajevo"]
[Date "2017.05.19"]
[Round "9.20"]
[White "Sinanovic, Ermin"]
[Black "Popovic, Zoran"]
[Result "0-1"]
[WhiteElo "1973"]
[BlackElo "2300"]
[PlyCount "58"]
[EventDate "2017.05.13"]

1. d4 Nf6 2. c4 g6 3. Nc3 Bg7 4. e4 d6 5. f3 O-O 6. Be3 c5 7. d5 e6 8. Qd2 exd5
9. cxd5 a6 10. a4 Re8 11. Bd3 Nbd7 12. Nge2 Ne5 13. Nc1 Nxd3+ 14. Nxd3 Bd7 15.
a5 Bb5 16. O-O Nd7 17. Ra3 b6 18. Rfa1 Bxd3 19. Qxd3 Ne5 20. Qe2 b5 21. R3a2
Nc4 22. Bc1 Bd4+ 23. Kh1 f5 24. Rb1 Bxc3 25. bxc3 fxe4 26. Bf4 Qf6 27. Bg3 exf3
28. Qxf3 Qxf3 29. gxf3 Re3 0-1

[Event "47th IT Bosna 2017"]
[Site "Sarajevo"]
[Date "2017.05.19"]
[Round "9.22"]
[White "Miladinovic, Zlatko"]
[Black "Trkulja, Goran"]
[Result "0-1"]
[WhiteElo "2077"]
[BlackElo "2291"]
[PlyCount "52"]
[EventDate "2017.05.13"]

1. Nf3 d5 2. d4 Bg4 3. Ne5 Bf5 4. g4 Be6 5. Rg1 f6 6. Nd3 Bf7 7. Bf4 e6 8. e3
Bd6 9. Qf3 Nc6 10. Qg3 Bxf4 11. Qxf4 Qe7 12. c3 e5 13. dxe5 fxe5 14. Qa4 Nf6
15. Nb4 O-O 16. Nxc6 bxc6 17. Qxc6 Rab8 18. b3 Be8 19. Qa6 Ne4 20. Rg2 Qh4 21.
Qe6+ Kh8 22. Nd2 Rxf2 23. O-O-O Nxd2 24. Rxf2 Qxf2 25. Qf5 Qxf5 26. gxf5 Nxf1
0-1

[Event "47th IT Bosna 2017"]
[Site "Sarajevo"]
[Date "2017.05.19"]
[Round "9.23"]
[White "Temizkan, Denizcan"]
[Black "Hadzovic, Amir"]
[Result "1/2-1/2"]
[WhiteElo "2124"]
[BlackElo "2280"]
[PlyCount "117"]
[EventDate "2017.05.13"]

1. d4 Nf6 2. c4 d6 3. Nf3 g6 4. Nc3 Bg7 5. e4 O-O 6. Be2 e5 7. O-O c6 8. Re1
Nbd7 9. Bf1 Re8 10. d5 c5 11. Be3 Ng4 12. Bg5 f6 13. Bd2 Nh6 14. g3 Nf8 15. Nh4
g5 16. Ng2 Ng6 17. Qc1 Nf7 18. Ne3 Bd7 19. Nf5 Qc8 20. Bd3 a6 21. a4 Rb8 22.
Qc2 b6 23. Kg2 Ne7 24. Nd1 Nxf5 25. exf5 h5 26. h3 Nh6 27. Ne3 Re7 28. Be4 b5
29. axb5 axb5 30. cxb5 Bxb5 31. Ra3 Reb7 32. Rea1 Bf8 33. Bc3 g4 34. hxg4 Nxg4
35. Nxg4 hxg4 36. Rh1 Ra8 37. Rxa8 Qxa8 38. Qd1 Rg7 39. Rh6 Kf7 40. b3 Qa2 41.
Bc2 Qa6 42. Qh1 Bd3 43. Rxf6+ Kxf6 44. Qh6+ Kxf5 45. Qe6+ Ke4 46. Bxe5 Re7 47.
Qg6+ Kxe5 48. Bxd3 Qc8 49. Qg5+ Kd4 50. Bf5 Qe8 51. Qd2+ Ke5 52. Qf4+ Kxd5 53.
Qc4+ Ke5 54. Qf4+ Kd5 55. Qc4+ Kc6 56. Qa6+ Kd5 57. Qc4+ Ke5 58. Qf4+ Kd5 59.
Qc4+ 1/2-1/2

[Event "47th IT Bosna 2017"]
[Site "Sarajevo"]
[Date "2017.05.19"]
[Round "9.24"]
[White "Maksimovic, Bojan"]
[Black "Strinic, Halid"]
[Result "1-0"]
[WhiteElo "2269"]
[BlackElo "2122"]
[PlyCount "149"]
[EventDate "2017.05.13"]

1. Nf3 c5 2. c4 Nf6 3. Nc3 Nc6 4. g3 d5 5. cxd5 Nxd5 6. Bg2 Nc7 7. O-O e5 8. d3
Be7 9. Nd2 O-O 10. a4 Be6 11. Nc4 f6 12. a5 Na6 13. Qa4 Rc8 14. Rd1 Qd7 15. Bd2
Rfd8 16. Rac1 Nd4 17. Qxd7 Rxd7 18. Be3 Nb3 19. Rb1 Bd8 20. Nb5 Nxa5 21. Nxa5
Bxa5 22. Nxa7 Ra8 23. Nb5 Bd5 24. Bxd5+ Rxd5 25. Ra1 b6 26. Rdc1 Rdd8 27. Na3
Nb4 28. Nc4 Nc6 29. Ra3 Ra7 30. Rca1 Rda8 31. Kg2 Kf8 32. f3 Ke7 33. f4 exf4
34. gxf4 f5 35. Kf3 Ke8 36. Rg1 g6 37. h4 Kd7 38. h5 Rg8 39. Raa1 Raa8 40. hxg6
hxg6 41. Rg5 Rg7 42. Rh1 Bb4 43. Kf2 b5 44. Nd2 Ra2 45. Rb1 Bxd2 46. Bxd2 b4
47. Be3 Kd6 48. Rgg1 Kd5 49. Rgc1 Nd4 50. Bxd4 Kxd4 51. Rc4+ Kd5 52. Rbc1 Ra5
53. e4+ Kd6 54. Rg1 fxe4 55. dxe4 Raa7 56. Rg5 Ra2 57. Rd5+ Ke7 58. Rcxc5 Rxb2+
59. Ke3 Rf7 60. Rc7+ Kf8 61. Rxf7+ Kxf7 62. Rb5 Rb1 63. Kd4 b3 64. Ke5 b2 65.
Rb7+ Kf8 66. Kf6 Ke8 67. f5 gxf5 68. Ke6 Kd8 69. e5 Rh1 70. Rb8+ Kc7 71. Rxb2
Rh6+ 72. Kf7 Rh7+ 73. Kg6 Rh1 74. Rd2 f4 75. e6 1-0

[Event "47th IT Bosna 2017"]
[Site "Sarajevo"]
[Date "2017.05.19"]
[Round "9.25"]
[White "Garabetyan, Arno"]
[Black "Sitnic, Adnan"]
[Result "1/2-1/2"]
[WhiteElo "2050"]
[BlackElo "2235"]
[PlyCount "100"]
[EventDate "2017.05.13"]

1. Nf3 d6 2. d4 Bg4 3. e4 Nf6 4. Nc3 c6 5. h3 Bxf3 6. Qxf3 e5 7. dxe5 dxe5 8.
g4 h6 9. h4 Bb4 10. g5 hxg5 11. hxg5 Rxh1 12. Qxh1 Nfd7 13. Qh8+ Nf8 14. Qxg7
Bxc3+ 15. bxc3 Qa5 16. Bd2 Qc5 17. Bh3 Nbd7 18. O-O-O Nb6 19. g6 Nxg6 20. Be6
Qa3+ 21. Kb1 Qf8 22. Qxf8+ Nxf8 23. Bf5 Rd8 24. Kc1 Nc4 25. f3 Nxd2 26. Rxd2
Rxd2 27. Kxd2 Nd7 28. c4 Nc5 29. Kc3 Ke7 30. Bh7 Kf6 31. Kd2 Kg5 32. Ke3 b6 33.
Bf5 Nb7 34. Bd7 Na5 35. c5 bxc5 36. Be8 Nc4+ 37. Ke2 Nd6 38. Bxc6 Kf4 39. Bd5
f6 40. a4 a5 41. c3 Nc8 42. Bc4 Ne7 43. Bf7 f5 44. exf5 Nxf5 45. Bd5 Nd6 46.
Be6 c4 47. Bd5 e4 48. fxe4 Nxe4 49. Bxc4 Nxc3+ 50. Kd3 Nxa4 1/2-1/2

[Event "47th IT Bosna 2017"]
[Site "Sarajevo"]
[Date "2017.05.19"]
[Round "9.26"]
[White "Velikic, Adela"]
[Black "Cunjalo, Faris"]
[Result "1-0"]
[WhiteElo "2204"]
[BlackElo "2042"]
[PlyCount "105"]
[EventDate "2017.05.13"]

1. e4 c6 2. Nf3 d5 3. Nc3 dxe4 4. Nxe4 Nf6 5. Nxf6+ exf6 6. Bc4 Bd6 7. O-O O-O
8. h3 Bf5 9. d3 Nd7 10. Nh4 Be6 11. Bxe6 fxe6 12. Re1 Re8 13. c3 Nf8 14. Be3
Qd7 15. Qb3 Qf7 16. Rad1 Ng6 17. Nxg6 hxg6 18. Qc4 a6 19. Bb6 Re7 20. d4 Rae8
21. Kf1 Bc7 22. Bxc7 Rxc7 23. Re3 Rd7 24. Rde1 Rd5 25. b3 g5 26. Qe2 c5 27.
Rxe6 Rxe6 28. Qxe6 Qxe6 29. Rxe6 cxd4 30. c4 Ra5 31. Re2 Kf7 32. Rd2 Ke6 33.
Ke2 Re5+ 34. Kd3 Kd6 35. Kxd4 Re1 36. Kc3+ Kc6 37. b4 Rc1+ 38. Rc2 Rg1 39. f3
b6 40. Rb2 Rc1+ 41. Kb3 Rg1 42. Rc2 Rd1 43. c5 Rb1+ 44. Ka4 bxc5 45. Rxc5+ Kb6
46. Rc2 Re1 47. Rd2 Re6 48. a3 f5 49. Rd5 g6 50. g4 Rf6 51. Re5 Kc6 52. Ka5 Kd6
53. Rc5 1-0

[Event "47th IT Bosna 2017"]
[Site "Sarajevo"]
[Date "2017.05.19"]
[Round "9.27"]
[White "Terzic, Ilijas"]
[Black "Marn, Jan"]
[Result "1-0"]
[WhiteElo "2163"]
[BlackElo "2035"]
[PlyCount "91"]
[EventDate "2017.05.13"]

1. d4 d5 2. Nf3 Nf6 3. c4 e6 4. Nc3 Be7 5. Bg5 h6 6. Bh4 O-O 7. e3 b6 8. Bd3
Bb7 9. O-O Nbd7 10. cxd5 Nxd5 11. Bg3 c5 12. Qe2 Bf6 13. Ne4 Nb4 14. Nxf6+ Qxf6
15. Bb5 Qe7 16. a3 Nd5 17. Rfd1 cxd4 18. Nxd4 Rac8 19. Bxd7 Qxd7 20. e4 Nf6 21.
Nf5 Qa4 22. Ne7+ Kh8 23. Nxc8 Rxc8 24. Rdc1 Rxc1+ 25. Rxc1 Bxe4 26. Be5 Bg6 27.
Qc4 Qa5 28. Qd4 Ne8 29. Qe3 Qd5 30. Qxh6+ Kg8 31. Bxg7 Bh7 32. Bc3 Qd8 33. h4
f6 34. Qd2 Qe7 35. Bb4 Qb7 36. Qd8 Bg6 37. Bc3 Qf7 38. Rd1 Be4 39. Bxf6 Qg6 40.
Bg5 Bc6 41. Qd3 Qh5 42. Rc1 Bb7 43. Qg3 Qe2 44. Bf6+ Kf7 45. Be5 b5 46. Qe3 1-0

[Event "47th IT Bosna 2017"]
[Site "Sarajevo"]
[Date "2017.05.19"]
[Round "9.29"]
[White "Nezirovic, Ozren"]
[Black "Obad, Andrija"]
[Result "0-1"]
[WhiteElo "2013"]
[BlackElo "2256"]
[PlyCount "72"]
[EventDate "2017.05.13"]

1. e4 c5 2. Nf3 d6 3. d4 cxd4 4. Nxd4 Nf6 5. Nc3 a6 6. Be3 e5 7. Nb3 Be6 8. f3
Nbd7 9. Qd2 b5 10. g4 Be7 11. O-O-O Nb6 12. Qf2 Nfd7 13. Nd5 Bxd5 14. exd5 Nc4
15. Bxc4 bxc4 16. Nd2 c3 17. Ne4 cxb2+ 18. Kb1 O-O 19. Ng3 Re8 20. Nf5 Bf8 21.
g5 Rc8 22. Rhg1 Be7 23. Rg4 Nf8 24. h4 Qd7 25. Ng3 Rc7 26. c4 Rec8 27. Qc2 Ng6
28. c5 dxc5 29. d6 Bxd6 30. Ne4 Rc6 31. h5 Ne7 32. Nf6+ gxf6 33. gxf6+ Kh8 34.
Rg7 Qf5 35. fxe7 Qxc2+ 36. Kxc2 Kxg7 0-1

[Event "47th IT Bosna 2017"]
[Site "Sarajevo"]
[Date "2017.05.19"]
[Round "9.30"]
[White "Kapetanovic, Edin"]
[Black "Muhibic, Cazim"]
[Result "0-1"]
[WhiteElo "2182"]
[BlackElo "1956"]
[PlyCount "196"]
[EventDate "2017.05.13"]

1. d4 g6 2. Nf3 Bg7 3. g3 Nf6 4. Bg2 O-O 5. O-O d6 6. b3 c6 7. Bb2 Nbd7 8. c4
Re8 9. Nc3 Nf8 10. h3 h6 11. e4 N6d7 12. Re1 e5 13. dxe5 dxe5 14. Qc2 Qe7 15.
Rad1 Nf6 16. Qc1 Bd7 17. Na4 Nh5 18. c5 f6 19. Nd2 Be6 20. Bf1 Kh7 21. Kh2 Rad8
22. Be2 Bh8 23. Qc3 Qc7 24. a3 Ng7 25. b4 Qc8 26. Bf1 g5 27. Qe3 Ng6 28. Bc3
Rd7 29. Nb2 Red8 30. Ndc4 Rxd1 31. Rxd1 Rxd1 32. Nxd1 Ne8 33. Qf3 Qd7 34. Nde3
Bg7 35. Qe2 Bf8 36. Bg2 Qf7 37. Bf3 Qd7 38. Bg4 Bxg4 39. Nxg4 Bg7 40. Nge3 Ne7
41. Ng2 Ng6 42. Nce3 Ne7 43. h4 Kg6 44. h5+ Kf7 45. g4 Nc7 46. Nc4 Ne8 47. Nge3
Kg8 48. Nd2 Nc7 49. Ndf1 Ne6 50. Qc4 Kf8 51. Ng3 Nf4 52. Ne2 Ne6 53. Kg1 Nf4
54. Kh2 Ne6 55. Kg3 Nf4 56. Kf3 Ne6 57. Ng2 Nc7 58. Bb2 Qd1 59. Qc1 Qd3+ 60.
Qe3 Qd1 61. Qc1 Qd3+ 62. Ne3 Qd7 63. Qd1 Qxd1 64. Nxd1 b6 65. cxb6 axb6 66. Ke3
b5 67. Kd3 Nc8 68. Bc1 Ke8 69. Be3 Ne6 70. Ng3 Ne7 71. f3 Kd7 72. Nf2 Bf8 73.
Kc3 Ng8 74. Nd3 Kc7 75. Nc5 Nxc5 76. Bxc5 Bxc5 77. bxc5 Ne7 78. Kb4 Kb7 79. Ka5
Ka7 80. Nf1 Nc8 81. Ne3 Ne7 82. Nc2 Kb7 83. Nb4 Ka7 84. Nxc6+ Nxc6+ 85. Kxb5
Nd4+ 86. Kc4 Kb7 87. Kd5 Kc7 88. a4 Kd7 89. a5 Nc6 90. a6 Na7 91. c6+ Nxc6 92.
Kc5 Kc7 93. Kd5 Nd4 94. a7 Kb7 95. Kd6 Nxf3 96. Ke6 Nh2 97. Kxf6 Nxg4+ 98. Kf5
Kxa7 0-1

[Event "47th IT Bosna 2017"]
[Site "Sarajevo"]
[Date "2017.05.19"]
[Round "9.31"]
[White "Omanovic, Vahidin"]
[Black "Aleksic, Neven"]
[Result "0-1"]
[WhiteElo "2002"]
[BlackElo "2121"]
[PlyCount "43"]
[EventDate "2017.05.13"]

1. e4 e5 2. Nf3 Nc6 3. Bb5 a6 4. Bxc6 dxc6 5. h3 Nf6 6. d3 Nd7 7. d4 Bd6 8.
dxe5 Nxe5 9. Nxe5 Bxe5 10. Qxd8+ Kxd8 11. Nd2 g6 12. Nf3 Bg7 13. Bg5+ Ke8 14.
O-O-O Be6 15. Nd4 Bxa2 16. e5 Be6 17. Rhe1 c5 18. Nf3 h6 19. Bf6 Bxf6 20. exf6
Rd8 21. g4 h5 22. gxh5 0-1

[Event "47th IT Bosna 2017"]
[Site "Sarajevo"]
[Date "2017.05.19"]
[Round "9.33"]
[White "Ananya, Rishi Gupta"]
[Black "Schettler, Juergen"]
[Result "1/2-1/2"]
[WhiteElo "1955"]
[BlackElo "2111"]
[PlyCount "78"]
[EventDate "2017.05.13"]

1. e4 e6 2. d4 d5 3. Nd2 Nf6 4. e5 Nfd7 5. Ngf3 c5 6. c3 Nc6 7. Bd3 Qb6 8. O-O
cxd4 9. cxd4 Nxd4 10. Nxd4 Qxd4 11. Nf3 Qb6 12. Qa4 Be7 13. Qc2 h6 14. Be3 Bc5
15. Bxc5 Nxc5 16. Be2 Bd7 17. Rac1 Rc8 18. Qd2 O-O 19. b3 Ne4 20. Qd4 Qxd4 21.
Nxd4 a6 22. Bd3 Nc3 23. a3 Nb5 24. Bxb5 Bxb5 25. Rfd1 Bd7 26. f4 g6 27. Kf2
Rxc1 28. Rxc1 Rc8 29. Rxc8+ Bxc8 30. h4 Kg7 31. g3 f6 32. Kf3 fxe5 33. fxe5 Kf7
34. Kf4 Bd7 35. g4 Ke7 36. g5 h5 37. b4 Ba4 38. Ke3 b6 39. Kd2 Be8 1/2-1/2

[Event "47th IT Bosna 2017"]
[Site "Sarajevo"]
[Date "2017.05.19"]
[Round "9.34"]
[White "Alaz, Ahmet Efekan"]
[Black "Sahin, Doga Boran"]
[Result "1-0"]
[WhiteElo "1965"]
[BlackElo "2060"]
[PlyCount "23"]
[EventDate "2017.05.13"]

1. b3 e5 2. Bb2 Nc6 3. e3 Nf6 4. Bb5 Bd6 5. Na3 a6 6. Bxc6 dxc6 7. Nc4 Qe7 8.
Ne2 Bg4 9. h3 Bh5 10. d3 O-O-O 11. Nxd6+ Qxd6 12. g4 {Neèitak formular} 1-0

[Event "47th IT Bosna 2017"]
[Site "Sarajevo"]
[Date "2017.05.19"]
[Round "9.35"]
[White "Okuyaz, Duru"]
[Black "Slamar, Velimir"]
[Result "1-0"]
[WhiteElo "1917"]
[BlackElo "2059"]
[PlyCount "69"]
[EventDate "2017.05.13"]

1. e4 c6 2. Nc3 d5 3. Nf3 dxe4 4. Nxe4 Nf6 5. Nxf6+ exf6 6. d4 Bd6 7. Be2 O-O
8. O-O Re8 9. Re1 Nd7 10. Be3 Nf8 11. Qd2 Ng6 12. c4 Qc7 13. b4 Bf5 14. c5 Bf4
15. h3 Be6 16. Bd3 Bxe3 17. fxe3 Rad8 18. Bxg6 hxg6 19. e4 Re7 20. a4 Red7 21.
Qf2 g5 22. Red1 g4 23. hxg4 Bxg4 24. Rd3 Bxf3 25. gxf3 Qf4 26. Rad1 f5 27. Qh2
Qg5+ 28. Kf2 fxe4 29. fxe4 Qg4 30. Rh3 g6 31. Rh8+ Kg7 32. Rxd8 Rxd8 33. Qe5+
Kg8 34. Rh1 f6 35. Qxf6 1-0

[Event "47th IT Bosna 2017"]
[Site "Sarajevo"]
[Date "2017.05.19"]
[Round "9.36"]
[White "Selimovic, Amir"]
[Black "Urh, Zala"]
[Result "0-1"]
[WhiteElo "1941"]
[BlackElo "2036"]
[PlyCount "114"]
[EventDate "2017.05.13"]

1. e4 e5 2. Nf3 Nc6 3. Bc4 Bc5 4. c3 Nf6 5. d3 a6 6. Bb3 Ba7 7. h3 h6 8. O-O
O-O 9. Re1 d6 10. Nbd2 Nh5 11. Nf1 Qf6 12. Ne3 Nf4 13. Nd5 Nxd5 14. exd5 Ne7
15. d4 exd4 16. Nxd4 Bxd4 17. Qxd4 Qxd4 18. cxd4 Nf5 19. Be3 Bd7 20. Rac1 Rac8
21. Bc2 Rfe8 22. Bxf5 Bxf5 23. Rc3 Re7 24. Rec1 Be4 25. Bf4 Rd7 26. b4 Bxd5 27.
a4 g5 28. Bd2 Re7 29. Re1 Rxe1+ 30. Bxe1 f5 31. b5 axb5 32. axb5 b6 33. Rc1 Be6
34. f4 Kf7 35. fxg5 hxg5 36. h4 gxh4 37. Bxh4 Bd7 38. Bg3 Ke6 39. Kf1 Bxb5+ 40.
Kf2 Bd3 41. Bf4 Be4 42. g3 c5 43. Ke3 b5 44. Ra1 Rc6 45. Ra5 b4 46. g4 Kd5 47.
gxf5 Bxf5 48. dxc5 dxc5 49. Kd2 Kc4 50. Kc1 Kd3 51. Rb5 Be4 52. Kb2 Bd5 53. Bg5
Bc4 54. Ra5 Rc7 55. Bd8 Rf7 56. Rxc5 Rf2+ 57. Kc1 Kc3 0-1

[Event "47th IT Bosna 2017"]
[Site "Sarajevo"]
[Date "2017.05.19"]
[Round "9.38"]
[White "Jovovic, Milan"]
[Black "Stanivukovic, Drago"]
[Result "1-0"]
[WhiteElo "2032"]
[BlackElo "1892"]
[PlyCount "69"]
[EventDate "2017.05.13"]

1. d4 Nf6 2. Bf4 d6 3. e3 g6 4. Nc3 Bg7 5. h4 Nh5 6. Bh2 c6 7. Be2 Nf6 8. Qd2
b5 9. Bf3 d5 10. a3 a5 11. e4 dxe4 12. Nxe4 Nxe4 13. Bxe4 Qb6 14. Ne2 Nd7 15.
Bf3 O-O 16. h5 e5 17. hxg6 exd4 18. Bd6 fxg6 19. Bxf8 Nxf8 20. Rd1 Ra7 21. Qf4
c5 22. Kf1 Bf5 23. Bd5+ Rf7 24. Ng3 Be6 25. Qh4 Qd6 26. Bf3 Rf4 27. Qh2 Qe5 28.
Re1 Bc4+ 29. Be2 Qe3 30. Bxc4+ bxc4 31. Rxe3 dxe3 32. f3 Bxb2 33. Ne4 Rf5 34.
Qc7 Bxa3 35. Qxa5 1-0